The way of all flesh. (Record no. 549351)

000 -LEADER
fixed length control field 00554cam a2200193u 4500
082 ## - DEWEY DECIMAL CLASSIFICATION NUMBER
Classification number 823
Author Mark BUT
-- L-29. P-19
100 1# - MAIN ENTRY--PERSONAL NAME
Personal name Butler, Samuel,
9 (RLIN) 45969
245 04 - TITLE STATEMENT
Title The way of all flesh.
260 ## - PUBLICATION, DISTRIBUTION, ETC.
Place of publication, distribution, etc. Cleveland,
Name of publisher, distributor, etc. Fine Editions Press
Date of publication, distribution, etc. [1952]
300 ## - PHYSICAL DESCRIPTION
Extent 371 p.
Dimensions 21 cm.
526 ## - STUDY PROGRAM INFORMATION NOTE
Program name 0
Interest level 0
Reading level 0
Title point value 823_000000000000000_BUT
650 #0 - SUBJECT ADDED ENTRY--TOPICAL TERM
Topical term or geographic name entry element Children of clergy
9 (RLIN) 45970
650 #0 - SUBJECT ADDED ENTRY--TOPICAL TERM
Topical term or geographic name entry element Conflict of generations
9 (RLIN) 45971
650 #0 - SUBJECT ADDED ENTRY--TOPICAL TERM
Topical term or geographic name entry element MCE
9 (RLIN) 379
650 #0 - SUBJECT ADDED ENTRY--TOPICAL TERM
Topical term or geographic name entry element Middle class
9 (RLIN) 45972
650 #0 - SUBJECT ADDED ENTRY--TOPICAL TERM
Topical term or geographic name entry element Parent and child
9 (RLIN) 45973
650 #0 - SUBJECT ADDED ENTRY--TOPICAL TERM
Topical term or geographic name entry element Young men
9 (RLIN) 27905
942 ## - ADDED ENTRY ELEMENTS (KOHA)
Source of classification or shelving scheme
Koha item type Book
Holdings
Withdrawn status Lost status Source of classification or shelving scheme Damaged status Not for loan Permanent Location Current Location Date acquired Total Checkouts Full call number Barcode Date last seen Date last checked out Price effective from Koha item type
          Military College of Engineering (MCE) Military College of Engineering (MCE) 09/23/2014 1 823 BUT MCE-2554 02/08/2018 01/24/2018 09/23/2014 Book
© 2023 Central Library, National University of Sciences and Technology. All Rights Reserved.